01073nam a2200193Ia 4500001000900000003001000009008004100019040002500060041001300085100002500098245003300123250001100156260005700167300001200224500024300236501011400479520024300593650004300836L130-918IT-CnALBA170116s9999||||xx |||||||||||||| ||und|| aIT-CnALBAcIT-CnALBA aITALIANO aSTRAFFORELLO GUSTAVO 0aERRORI E PREGIUDIZI VOLGARI  a1a ed. aMILANObHOEPLI ULRICO EDITORE c1883 [1° Ed.: n.d.] a170 p.  aBIBLIOTECA CAN. CHIESA. CONFUTAZIONE SCIENTIFICA E FILOSOFICA. CREDULITA' SUPERSTIZIONE. ERRORI SUI FENOMENI NATURALI. ANIMALI FAVOLOSI. ERRORI E PREGIUDIZI SULL'UOMO. ERRORI SU PRETESI FENOMENI SOPRANNATURALI. ALTRI ERRORI E PREGIUDIZI.  aSocietà San Paolo EM - Piazza San Paolo, 14 - 12051 ALBA (CN) (non commercial uses only) ® Copyright 2017 aBIBLIOTECA CAN. CHIESA. CONFUTAZIONE SCIENTIFICA E FILOSOFICA. CREDULITA' SUPERSTIZIONE. ERRORI SUI FENOMENI NATURALI. ANIMALI FAVOLOSI. ERRORI E PREGIUDIZI SULL'UOMO. ERRORI SU PRETESI FENOMENI SOPRANNATURALI. ALTRI ERRORI E PREGIUDIZI.  aPSICOLOGIA POPOL. PARAPSICOL. OCCULTIS